• 首页
  • 本馆介绍
  • 公告通知
  • 最新文献
  • 馆藏检索
  • 电子资源
  • 读者导购
  • 参考咨询
  • 我的图书馆
  • 登录
  • 详细信息显示
  • 放入我的书架
  • 预约/预借图书
  • 作者相关作品
  • 分类相关作品
  • 丛书相关作品
  • 出版社相关作品

书目信息

  • 表格格式
  • 工作单格式
  • 卡片格式
题名:
英语写作双向速查词典
    
 
作者: ;浩瀚英语研究所 编
分册:  
出版信息: 北京   机械工业出版社  2005
页数: 1095页
开本: 20cm
丛书名:
单 册:
中图分类: H315-61
科图分类:
主题词: 英语--写作--词典 , 英语
电子资源:
ISBN: 7-111-02133-9
000 00969nam0 2200265 450
000 00994nam0 2200265 450
000 00924nam0 2200241 450
000 00888oam2 2200229 45
005 20070802154338.04
010    @a7-111-02133-9@dCNY49.00
100    @a20070728d2005 em y0chiy0120 ea
101 2  @achi@aeng
102    @aCN@b110000
105    @ay z 000yy
200 1  @a英语写作双向速查词典@AYing Yu Xie Zuo Shuang Xiang Su Cha Ci Dian@f浩瀚英语研究所编@FHao Han Ying Yu Yan Jiu Suo Bian
210    @a北京@c机械工业出版社@d2005
215    @a1095页@d20cm
330    @a本书针对日常生活设计了三十个生活场景,针对10000多词条及相关词组与短语,组织了写作典型句并给出译文,且提供了代表性范文。
510 1  @aEnglish-Chinese Dictionary of Model Compositions@zeng
606 0  @a英语@x写作@x词典
606 0  @a英语
690    @aH315-61@v4
711 02 @a浩瀚英语研究所@AHao Han Ying Yu Yan Jiu Suo@4编
801  0 @aCN@bTAOJIN@c20070802
905    @a10447@dH315-61@e535
    
    英语写作双向速查词典/浩瀚英语研究所编.-北京:机械工业出版社,2005
    1095页;20cm
    
    
    ISBN 7-111-02133-9:CNY49.00
    本书针对日常生活设计了三十个生活场景,针对10000多词条及相关词组与短语,组织了写作典型句并给出译文,且提供了代表性范文。
●
相关链接 在E读中查询图书 在五车中查询图书 在当当中查询图书 在豆瓣中查询图书


正题名:英语写作双向速查词典     索取号:H315-61/535         预约/预借

序号 登录号 条形码 馆藏地/架位号 状态 备注
1 0826583   208265839   第二样本阅览室/ [索取号:H315-61/535] 在馆    
2 0826584   208265848   第四借阅区/ [索取号:H315-61/535] 在馆    
3 0826585   208265857   第四借阅区/ [索取号:H315-61/535] 在馆    
4 0826586   208265866   第四借阅区/ [索取号:H315-61/535] 在馆    
5 0826587   208265875   第四借阅区/ [索取号:H315-61/535] 在馆    
唐山师范学院图书馆 欢迎您!
大连网信软件有限公司© 版权所有